College writing : a rhetoric and handbook

Bibliographic Details
Main Author: Janis, J. Harold (Author)
Format: Book
Published: New York : Macmillan , 1977
Subjects:

MARC

LEADER 00000cam a2200000 7i4500
001 0000025521
005 20021119093000.0
008 021119n
020 |a 0023602309 
090 0 0 |a PE1408   |b .J43 
100 0 |a Janis, J. Harold ,   |e author 
245 0 0 |a College writing :   |b a rhetoric and handbook   |c J. Harold Janis 
260 2 |a New York :   |b Macmillan ,   |c 1977 
300 |a 502 p. ; ;   |c 22 cm. 
500 |a Includes index 
650 0 |a English language   |x Grammar 
650 0 |a English language   |x Rhetoric 
999 |a 1000035214   |b Book   |c OPEN SHELF (30 DAYS)   |e Gong Badak Campus